| 000 | 00717nam a22002057a 4500 | ||
|---|---|---|---|
| 999 |
_c7841 _d7841 |
||
| 001 | 7841 | ||
| 003 | BD-JhCC | ||
| 005 | 20180214163650.0 | ||
| 008 | 180214b1969 ii |||| |||| 00| 0 ben d | ||
| 035 | _a(BD-JhCC)7841 | ||
| 040 |
_aBD-JhCC _dBD-JhCC |
||
| 041 | _aben | ||
| 082 |
_a370 _bROY 1969 |
||
| 100 | _aরায়, ঋতেন্দ্র কুমার | ||
| 245 |
_aভারতের শিক্ষা সমস্যা / _cঋতেন্দ্র কুমার রায় |
||
| 260 |
_aকলকাতা : _bব্যানার্জী পাবলিশার্স, _c১৯৬৯. |
||
| 300 |
_a৪৬২ পৃ. : _c২১ সেমি. |
||
| 650 |
_aEducation _zIndia |
||
| 942 |
_2ddc _cBK |
||